[Event "Ulm/Neu Ulm-ch"]
[Site "Ulm/Neu Ulm"]
[Date "2006.12.01"]
[Round "6"]
[White "Mursaliew, Rustam"]
[Black "Stiller, Norbert"]
[Result "1-0"]
[WhiteElo "1386"]
[BlackElo "1280"]
[PlyCount "36"]
[EventDate "2006.09.22"]
[EventType "swiss"]
[EventRounds "7"]
[EventCountry "GER"]
[SourceTitle "EXT 2011"]
[Source "ChessBase"]
[SourceDate "2010.11.26"]
[SourceVersion "1"]
[SourceVersionDate "2010.11.26"]
[SourceQuality "1"]

1. e4 d6 2. Nf3 Bg4 3. h3 Bh5 4. Nc3 Nc6 5. Be2 e5 6. d3 h6 7. Be3 Be7 8. Nd5 Nf6 9. 0-0 g5 10. c3 Bg6 11. Kh2 h5 12. Nxe7 Qxe7 13. Nxg5 0-0-0 14. f4 Rdg8 15. fxe5 Bh7 16. exf6 Qd7 17. Kh1 Ne5 18. Nxh7 Rxh7 1-0

[Event "Ulm/Neu Ulm-ch"]
[Site "Ulm/Neu Ulm"]
[Date "2006.11.17"]
[Round "5"]
[White "Krauss, Rainer"]
[Black "Mursaliew, Rustam"]
[Result "1-0"]
[WhiteElo "1700"]
[BlackElo "1386"]
[PlyCount "157"]
[EventDate "2006.09.22"]
[EventType "swiss"]
[EventRounds "7"]
[EventCountry "GER"]
[SourceTitle "EXT 2011"]
[Source "ChessBase"]
[SourceDate "2010.11.26"]
[SourceVersion "1"]
[SourceVersionDate "2010.11.26"]
[SourceQuality "1"]

1. e4 e6 2. d4 d5 3. e5 h6 4. Nf3 Ne7 5. Bd3 Nf5 6. Bxf5 exf5 7. 0-0 Be7 8. Nc3 Be6 9. Qd3 a6 10. Re1 0-0 11. Be3 Nc6 12. a3 Qd7 13. b4 b5 14. Ne2 f6 15. Nf4 fxe5 16. dxe5 Rad8 17. Ng6 Rf7 18. Nxe7+ Nxe7 19. Nd4 f4 20. Bd2 Rdf8 21. f3 Nc6 22. Nxc6 Qxc6 23. Qc3 Qb6+ 24. Kh1 Qf2 25. Rf1 Qb6 26. Be1 Rf5 27. Bf2 Qb8 28. Rfe1 Qd8 29. Qc6 Qc8 30. a4 Rd8 31. axb5 axb5 32. Qxb5 c6 33. Qc5 Rd7 34. Bd4 Rc7 35. Ra5 Qe8 36. Rea1 Rg5 37. Ra8 Rc8 38. Rxc8 Qxc8 39. Qa7 Kh7 40. Qa8 Bf5 41. Qxc8 Bxc8 42. Ra7 Bf5 43. c3 h5 44. h3 Kg8 45. Kg1 Bxh3 46. Kh2 Bf5 47. Rc7 Rg6 48. Bc5 Bd3 49. Kg1 Bb5 50. Rc8+ Kf7 51. Rf8+ Ke6 52. Bd4 Rg5 53. Rxf4 Rf5 54. Rxf5 Kxf5 55. g3 g5 56. Kf2 h4 57. gxh4 gxh4 58. Kg2 Ba6 59. Kh3 Kf4 60. Kxh4 Bc8 61. Kh5 Kf5 62. Kh6 Ba6 63. Kg7 Ke6 64. Kg6 Be2 65. f4 Bg4 66. Kg5 Bf5 67. Kh4 Be4 68. Kg5 Bd3 69. Kg4 Be4 70. Be3 Bf5+ 71. Kf3 Bd3 72. Bd2 Bc4 73. Ke3 Bb5 74. Kd4 Kf5 75. Kc5 Ke6 76. Be3 Ba4 77. Bd4 Bb5 78. f5+ Kxf5 79. Kd6 1-0

[Event "Ulm/Neu Ulm-ch"]
[Site "Ulm/Neu Ulm"]
[Date "2006.10.20"]
[Round "3"]
[White "Mursaliew, Rustam"]
[Black "Folusewitsch, Siegfried"]
[Result "0-1"]
[WhiteElo "1386"]
[BlackElo "1223"]
[PlyCount "108"]
[EventDate "2006.09.22"]
[EventType "swiss"]
[EventRounds "7"]
[EventCountry "GER"]
[SourceTitle "EXT 2011"]
[Source "ChessBase"]
[SourceDate "2010.11.26"]
[SourceVersion "1"]
[SourceVersionDate "2010.11.26"]
[SourceQuality "1"]

1. e4 g6 2. Nf3 Bg7 3. Bc4 c6 4. Nc3 b5 5. Bb3 a5 6. a3 Ba6 7. d3 e6 8. 0-0 d5 9. e5 Nd7 10. d4 b4 11. Ne2 c5 12. Re1 Ne7 13. Ba4 0-0 14. Bf4 Nb6 15. axb4 Nxa4 16. Rxa4 Bb5 17. Ra1 cxb4 18. Qd2 Qb6 19. Bh6 Nf5 20. Bxg7 Kxg7 21. b3 h6 22. g4 Bxe2 23. Rxe2 Ne7 24. h4 Rh8 25. Qf4 Ng8 26. Kg2 Qd8 27. g5 hxg5 28. hxg5 Ra7 29. Ree1 Qc7 30. Rac1 a4 31. bxa4 Rxa4 32. Ra1 Rxa1 33. Rxa1 Qxc2 34. Ra7 Qf5 35. Qxf5 gxf5 36. Rb7 Kg6 37. Rxb4 Ne7 38. Kg3 Rc8 39. Rb7 Nc6 40. Kf4 Na5 41. Rb5 Nc4 42. Rc5 Rf8 43. Nh4+ Kh5 44. Nxf5 exf5 45. Kxf5 Rg8 46. f4 Rg6 47. Rxd5 Ne3+ 48. Ke4 Nxd5 49. Kxd5 Kg4 50. Ke4 Ra6 51. Kd5 Kf5 52. Kc5 Kxf4 53. Kb5 Ra8 54. Kc6 Kf5 0-1

[Event "Ulm/Neu Ulm-ch"]
[Site "Ulm/Neu Ulm"]
[Date "2005.??.??"]
[Round "?"]
[White "Grupp, Berthold"]
[Black "Mursaliew, Rustam"]
[Result "1-0"]
[WhiteElo "1746"]
[BlackElo "1200"]
[PlyCount "41"]
[EventDate "2005.11.26"]
[EventType "swiss"]
[EventRounds "7"]
[EventCountry "GER"]
[SourceTitle "EXT 2011"]
[Source "ChessBase"]
[SourceDate "2010.11.26"]
[SourceVersion "1"]
[SourceVersionDate "2010.11.26"]
[SourceQuality "1"]

1. Nf3 e6 2. c4 d5 3. b3 Nf6 4. Bb2 Be7 5. g3 0-0 6. Bg2 c5 7. cxd5 exd5 8. d4 Be6 9. 0-0 Nc6 10. Nc3 a6 11. Rc1 h6 12. e3 cxd4 13. Nxd4 Nxd4 14. Qxd4 Kh8 15. Rfd1 Rg8 16. Qf4 Bd6 17. Qh4 Be7 18. Nxd5 Bxd5 19. Bxd5 Nh7 20. Qxh6 f6 21. Qh3 1-0

[Event "Ulm/Neu Ulm-ch"]
[Site "Ulm/Neu Ulm"]
[Date "2005.??.??"]
[Round "?"]
[White "Lainburg, Victor"]
[Black "Mursaliew, Rustam"]
[Result "1-0"]
[WhiteElo "2053"]
[BlackElo "1200"]
[PlyCount "52"]
[EventDate "2005.11.26"]
[EventType "swiss"]
[EventRounds "7"]
[EventCountry "GER"]
[SourceTitle "EXT 2011"]
[Source "ChessBase"]
[SourceDate "2010.11.26"]
[SourceVersion "1"]
[SourceVersionDate "2010.11.26"]
[SourceQuality "1"]

1. Nf3 e6 2. g3 d5 3. Bg2 Nf6 4. 0-0 Bd6 5. d3 h6 6. Nbd2 e5 7. e4 dxe4 8. dxe4 0-0 9. c3 Be6 10. Qe2 Nbd7 11. Nc4 Qe7 12. Nh4 Rab8 13. Nf5 Bxf5 14. exf5 c6 15. Rd1 Bc7 16. b3 Rfe8 17. Ba3 c5 18. Rd2 Nb6 19. Ne3 e4 20. Rad1 Rbd8 21. c4 Nbd7 22. Nd5 Nxd5 23. Rxd5 b6 24. Bb2 Rf8 25. f6 gxf6 26. Qe3 Kg7 1-0